Roadmap A1: Student´s Book & Interactive eBook with Digital Resources and Mobille App\
Saved in:
| Main Author: | |
|---|---|
| Format: | Book |
| Language: | English |
| Published: |
Harlow:
Pearson Education Ltd.,
2021.
|
| Edition: | 1st edition, Third impression |
| Online Access: | View in OPAC |
| Tags: |
No Tags, Be the first to tag this record!
|
MARC
| LEADER | 00000nam a22000007a 4500 | ||
|---|---|---|---|
| 003 | SK-BrSCK | ||
| 005 | 20260127134426.0 | ||
| 008 | 241108b2024 enka|||| |||| 00| 0 eng d | ||
| 020 | |a 9781292393049 | ||
| 040 | |a SK-BrSCK |b slo |c SK-BrSCK | ||
| 100 | |a Maris, Amanda |9 2444 |e aut. | ||
| 245 | |a Roadmap A1: |b Student´s Book & Interactive eBook with Digital Resources and Mobille App\ |c Amanda Maris | ||
| 250 | |a 1st edition, Third impression | ||
| 260 | |a Harlow: |b Pearson Education Ltd., |c 2021. | ||
| 300 | |a 160 p. |b ill.; |c 29 cm. | ||
| 942 | |2 udc |c 14 | ||
| 999 | |c 12504 |d 12504 | ||